000 00721nam a2200241 i 4500
001 69056
003 ES-MaACL
005 20230906170426.0
007 t|
008 040907s2003 sp ||||1| spa d
020 _a84-8460-270-2
080 _a929 Servet, Miguel
100 1 _aMartínez Laínez, Fernando.
_978174
245 1 0 _aMiguel Servet
_b: historia de un fugitivo /
_cFernando Martínez Laínez.
250 _a1ª ed.
260 _aMadrid :
_bTemas de Hoy,
_c2003.
300 _a199 p. ;
_c23 cm.
490 1 _aNombres de la historia
600 1 4 _aServet, Miguel-
_xBiografías.
_9105863
830 0 _aNombres de la historia
_9183242
852 _aES-MaACL
_jL-28183
_bR.134104
999 _c69056
_d69056